أثر العامل القبلي على الاستقرار السياسي : (رقم التسجيلة. 179644)
[ عرض عادي ]
| 000 -LEADER | |
|---|---|
| fixed length control field | 03713namaa22004211i 4500 |
| 003 - CONTROL NUMBER IDENTIFIER | |
| control field | OSt |
| 005 - أخر تعامل مع التسجيلة | |
| control field | 20260421110552.0 |
| 008 - FIXED-LENGTH DATA ELEMENTS--GENERAL INFORMATION | |
| fixed length control field | 250827s2025 ua a|||frm||| 000 0 eng d |
| 040 ## - CATALOGING SOURCE | |
| Original cataloguing agency | EG-GICUC |
| Language of cataloging | ara |
| Transcribing agency | EG-GICUC |
| Modifying agency | EG-GICUC |
| Description conventions | rda |
| 041 0# - LANGUAGE CODE | |
| Language code of text/sound track or separate title | ara |
| Language code of summary or abstract | ara |
| -- | eng |
| 049 ## - Acquisition Source | |
| Acquisition Source | إيداع |
| 082 04 - DEWEY DECIMAL CLASSIFICATION NUMBER | |
| Classification number | 320.9612 |
| 092 ## - LOCALLY ASSIGNED DEWEY CALL NUMBER (OCLC) | |
| Classification number | 320.9612 |
| Edition number | 21 |
| 097 ## - Degree | |
| Degree | مــــاجستير |
| 099 ## - LOCAL FREE-TEXT CALL NUMBER (OCLC) | |
| Local Call Number | Cai01.03.04.M.Sc.2025.فؤ.أ |
| 100 0# - MAIN ENTRY--PERSONAL NAME | |
| Authority record control number or standard number | ،فؤاد جلال محمد أبو السيد |
| Preparation | إعداد. |
| 245 10 - TITLE STATEMENT | |
| Title | أثر العامل القبلي على الاستقرار السياسي : |
| Remainder of title | دراسة حالة ليبيا 2011 - 2022 / |
| Statement of responsibility, etc. | إعداد فؤاد جلال محمد أبو السيد؛ إشراف أ.د. ناهد عز الدين، د. مروة صبحي منتصر. |
| 246 15 - VARYING FORM OF TITLE | |
| Title proper/short title | The impact of the tribal factor on political stability : |
| Remainder of title | Libya case study 2011-2022 / |
| 264 #0 - PRODUCTION, PUBLICATION, DISTRIBUTION, MANUFACTURE, AND COPYRIGHT NOTICE | |
| Date of production, publication, distribution, manufacture, or copyright notice | 2025. |
| 300 ## - PHYSICAL DESCRIPTION | |
| Extent | 196 صفحة : |
| Other physical details | إيضاحيات ؛ |
| Dimensions | 25 سم. + |
| Accompanying material | CD. |
| 336 ## - CONTENT TYPE | |
| Content type term | text |
| Source | rda content |
| 337 ## - MEDIA TYPE | |
| Media type term | Unmediated |
| Source | rdamedia |
| 338 ## - CARRIER TYPE | |
| Carrier type term | volume |
| Source | rdacarrier |
| 502 ## - DISSERTATION NOTE | |
| Dissertation note | أطروحة (ماجستير)-جامعة القاهرة، 2025. |
| 504 ## - BIBLIOGRAPHY, ETC. NOTE | |
| Bibliography, etc. note | ببليوجرافيا: صفحات 178-196. |
| 520 ## - SUMMARY, ETC. | |
| Summary, etc. | ناقشت الرسالة أثر العامل القبلي على الاستقرار السياسي في ليبيا خلال الفترة من 2011 إلى 2022، وذلك انطلاقًا من خصوصية الحالة الليبية والتطورات الأمنية والسياسية المتلاحقة التي شهدتها خلال تلك الفترة، وفي هذا الإطار تقوم الدراسة بتقديم إطار مفاهيمي ونظري للقبيلة والاستقرار السياسي والعلاقة بينهما من أجل محاولة تطبيق ذلك على الحالة الليبية وصولًا إلى توضيح مفصل لتأثير القبيلة على الاستقرار السياسي في ليبيا مع تحديد أبرز المحاولات أو الجهود التي يمكن من خلالها تحقيق الاستقرار السياسي في ليبيا. |
| 520 ## - SUMMARY, ETC. | |
| Summary, etc. | The thesis discussed the impact of the tribal factor on political stability in Libya during the period from 2011 to 2022, based on the specificity of the Libyan situation and the successive security and political developments it witnessed during that period. In this context, the study provides a conceptual and theoretical framework for the tribe and political stability and the relationship between them Then it applies this to the Libyan case in order to reach a detailed explanation of the impact of the tribe on political stability in Libya, while identifying the most prominent attempts or efforts through which political stability can be achieved in Libya. |
| 530 ## - ADDITIONAL PHYSICAL FORM AVAILABLE NOTE | |
| Issues CD | صدر أيضًا كقرص مدمج. |
| 546 ## - LANGUAGE NOTE | |
| Text Language | النص بالعربية والملخص باللغة الإنجليزية والعربية. |
| 650 #7 - SUBJECT ADDED ENTRY--TOPICAL TERM | |
| Topical term or geographic name entry element | الاحوال السياسية |
| Geographic subdivision | ليبيا |
| Source of heading or term | qrmak |
| 653 #0 - INDEX TERM--UNCONTROLLED | |
| Uncontrolled term | القبيلة |
| -- | الاستقرار السياسي |
| -- | المرحلة الانتقالية |
| 700 0# - ADDED ENTRY--PERSONAL NAME | |
| Personal name | ناهد عز الدين |
| Relator term | مشرف أطروحة. |
| 700 0# - ADDED ENTRY--PERSONAL NAME | |
| Personal name | مروة صبحي منتصر |
| Relator term | مشرف أطروحة. |
| 900 ## - Thesis Information | |
| Grant date | 13-02-2025 |
| Supervisory body | ناهد عز الدين |
| -- | مروة صبحي منتصر |
| Discussion body | مصطفى كامل السيد |
| -- | حسن أبو طالب |
| Universities | جامعة القاهرة |
| Faculties | كلية الاقتصاد والعلوم السياسية |
| Department | قسم علوم سياسية |
| 905 ## - Cataloger and Reviser Names | |
| Cataloger Name | Sara Salah |
| 942 ## - ADDED ENTRY ELEMENTS (KOHA) | |
| Source of classification or shelving scheme | Dewey Decimal Classification |
| Koha item type | Thesis |
| Edition | 21 |
| Suppress in OPAC | No |
| Source of classification or shelving scheme | Home library | Current library | Date acquired | Inventory number | Full call number | Barcode | Date last seen | Effective from | Koha item type |
|---|---|---|---|---|---|---|---|---|---|
| Dewey Decimal Classification | المكتبة المركزبة الجديدة - جامعة القاهرة | قاعة الرسائل الجامعية - الدور الاول | 21.04.2026 | 33122 | Cai01.03.04.M.Sc.2025.فؤ.أ | 01010100033122000 | 21.04.2026 | 21.04.2026 | Thesis |